LEADER 01127nam a2200265 a 4500 001 000000159450 003 CaOOAMICUS 005 20170314155905.0 008 170314s1961 it m 001 u ger r 032 $aLibriCat 040 $aPUL$bita 100 1 $aHeidesch, Joseph.$0(OLS)http://pul/name/101960 245 14$aDie aeussere Gnade bei Suarez / $cJoseph Heidesch . 260 $aRoma :$b[s.n.],$c1961. 300 $a91 p. ;$c25 cm. 502 $aEstratto da Tesi-- Pontificia Universitą Gregoriana. Facultas Theologiae.1961. 504 $aBibliografia in nota a pič pagina. 600 14$aSuįrez, Francisco,$cS.I.,$d1548-1617.$0(OLS)http://pul/subject/3377 710 2 $aPontificia Universitą Gregoriana.$bFacoltą di teologia.$kTesi.$0(OLS)http://pul/name/81592 850 $aPUL 852 $aPUL$W1$xDP1 Tesi Pon. Univ. Gregoriana$y40$mTH PUG 1317$j182837$qTesi$B186047$CPULBib$Z2$F186047 $H21197 $82 941 1 $a16 996 $6245$aDie aeussere Gnade bei Suarez / $9(OLS)http://pul/title/199069 996 $6260$aRoma :$b[s.n.]$9(OLS)http://pul/publisher/47958 LEADER 01599nam a2200349 a 4500 001 000000172571 003 CaOOAMICUS 005 20190827104613.0 008 190827s2019 it a u000 u ita r 020 $a978-88-266-0298-1 032 $aLibriCat 040 $aPUL$bita 082 04$a940.5 245 00$aEuropa :$bil futuro di una tradizione /$ca cura di Dario Antiseri, Enzo di Nuoscio, Falvio Felice, Fausta Speranza ; postfazione di Andrea Monda. 260 $aCittą del Vaticano :$bLibreria editrice vaticana,$c©2019. 300 $a245 p.;$c21 cm 490 1 $a Il nostro tempo ;$v 650 4$aEuropa$xStoria$ySec. XX-XXI.$0(OLS)http://pul/subject/46109 700 1 $aMonda, Andrea,$d1966-$0(OLS)http://pul/name/51551 700 1 $aSperanza, Fausta.$0(OLS)http://pul/name/110814 700 1 $aDi Nuoscio, Enzo,$d1964-$0(OLS)http://pul/name/31932 700 1 $aAntiseri, Dario,$d1940-$0(OLS)http://pul/name/1978 700 1 $aFelice, Flavio,$d1969-$0(OLS)http://pul/name/42078 830 3$aIl nostro tempo$b(LEV).$0(OLS)http://pul/title/212810 850 $aPUL 852 $aPUL$W1$xSL Cons. Gen., Altre Classi 3$y75$m940. 5 ANTDA 1$j196518$qDDC 21$B201280$CPULBib$Z2$F201280 $H133448 $82 941 1 $a9 996 $6020$a978-88-266-0298-1$9(OLS)http://pul/number/166649 996 $6082$a940.5$9(OLS)http://pul/classification/665 996 $6245$aEuropa :$bil futuro di una tradizione$9(OLS)http://pul/title/213538 996 $6260$aCittą del Vaticano :$bLibreria editrice vaticana$9(OLS)http://pul/publisher/47920